|
|
|
|
| LEADER |
00000nam a2200000 a 4500 |
| 001 |
vtls008854830 |
| 003 |
SK-MaSNL |
| 005 |
20260301124302.0 |
| 008 |
251029s2004 au d g f 001 0 ger |
| 020 |
|
|
|a 3825225275 (brož.)
|
| 040 |
|
|
|a SNK
|b slo
|c SNK
|e AACR2
|
| 041 |
0 |
|
|a ger
|
| 043 |
|
|
|a e-gx---
|
| 044 |
|
|
|a au
|c AT
|
| 072 |
|
7 |
|a 82.0
|x Literatúra (teória)
|2 konspekt
|
| 080 |
|
|
|a 82.0
|2 2001
|
| 080 |
|
|
|a (430)
|2 2001
|
| 080 |
|
|
|a (035)
|2 2001
|
| 245 |
0 |
0 |
|a Einführung in die Literaturtheorie
|c Martin Sexl (Hrsg.) ; redaktionelle Mitarbeit: Valeria Told
|
| 260 |
|
|
|a Wien
|b WUV-Universitätsverlag
|c 2004
|
| 300 |
|
|
|a 323 s.
|b grafy
|c 22 cm
|
| 490 |
1 |
|
|a UTB
|v 2527
|
| 504 |
|
|
|a Obsahuje bibliogr.
|
| 650 |
0 |
7 |
|a teória literatúry
|2 SNKPH
|9 1238
|
| 651 |
|
7 |
|a Nemecko
|2 SNKPH
|9 21020
|
| 655 |
|
7 |
|a príručky
|2 SNKPH
|9 74364
|
| 700 |
1 |
|
|a Sexl, Martin,
|d 1966-
|4 edt
|9 472457
|
| 700 |
1 |
|
|a Told, Valeria
|4 red
|9 472458
|
| 830 |
|
0 |
|a UTB
|9 314469
|
| 919 |
|
|
|a 3-8252-2527-5
|
| 999 |
|
|
|c 739086
|d 741016
|
| 952 |
|
|
|a SNK
|b SNK
|y VYP
|7 0
|p 17A0533762
|o snkIC 134355
|i snk2007/44
|8 2
|g 29.38
|0 0
|1 0
|4 0
|d 2006-10-13
|l 0
|r 2026-02-23 22:54:19
|w 2026-02-23
|